| 000 | 00702nam a22002297a 4500 | ||
|---|---|---|---|
| 003 | UA-OsUOA | ||
| 001 | 67567 | ||
| 007 | ta | ||
| 008 | 20100303b un ||||| |||| 00| 0 ukr d | ||
| 100 | _aТонков Е. Е. | ||
| 090 |
_a347.96:351.74 _bТ57 |
||
| 942 | _cBK | ||
| 040 |
_aUA-OsUOA _brus _cUA-OsUOA _dUA-OsUOA |
||
| 245 |
_aКонфликты в правоохранительной деятельности: теория и технология _bМонография |
||
| 300 | _a296 с. | ||
| 955 | _a2 | ||
| 041 | _arus | ||
| 080 | _a347.96:351.74 | ||
| 260 |
_aБелгород _c2001 |
||
| 650 | 7 |
_a347 Цивільне право. Судовий устрій _2UDC |
|
| 999 |
_c353556 _d353556 |
||